ნორმალური ფორმატი
MARC ფორმატი
ჩანაწერი Personal Name
ჩანაწერთა რაოდენობა, რომელიც გამოყენებულია: 1
001 - CONTROL NUMBER
- control field: 11699
003 - CONTROL NUMBER IDENTIFIER
- control field: GE_BSU
005 - DATE AND TIME OF LATEST TRANSACTION
- control field: 20210428173242.0
008 - FIXED-LENGTH DATA ELEMENTS
- fixed length control field: 210428|| aca||aabn | a|a d
040 ## - CATALOGING SOURCE
- Original cataloging agency: GE_BSU
- Transcribing agency: GE_BSU
100 ## - HEADING--PERSONAL NAME
- Personal name: ნაკაშიძე - მახარაძე, თათია
670 ## - SOURCE DATA FOUND
- Source citation: Work cat.: (GE_BSU)51662: ნაკაშიძე - მახარაძე, თათია, უცხოური ენის, როგორც მეორე ენის სწავლება / სწავლის მიმართულების "კულტურათა დიალოგის ასახვა უმაღლესი სკოლის საგანმანათლებლო პროგრამებში'' /
